000
00304nam a22001337a 4500
020
_a
817826304-1
082
_a
823
_b
DIC/G
100
_a
CHARLES DICKENS
245
_a
GREAT EXPECTATIONS
260
_a
DELHI
_b
ROHAN BOOK COMPANY
_c
2003
300
_a
219
650
_a
MODERN ILLUSTRATED CLASSICS
942
_c
BK
999
_c
310
_d
310